ბათუმის შოთა რუსთაველის სახელმწიფო უნივერსიტეტის ბიბლიოთეკა

საქართველოს ისტორია ოთხ ტომად ტ.1 საქართველო უძველესი დროიდან ახალი წელთაღრიცხვის IV საუკუნამდე (ბიბ.ჩანაწერი № 49334)

000 -LEADER
fixed length control field 00943nam a2200217Ia 4500
001 - CONTROL NUMBER
control field 16251
003 - CONTROL NUMBER IDENTIFIER
control field GE_BSU
008 - FIXED-LENGTH DATA ELEMENTS--GENERAL INFORMATION
fixed length control field 181216s||||||||xx |||||||||||||| ||und||
020 ## - INTERNATIONAL STANDARD BOOK NUMBER
International Standard Book Number 9789941196171
040 ## - CATALOGING SOURCE
Transcribing agency GE_BSU
245 ## - TITLE STATEMENT
Title საქართველოს ისტორია ოთხ ტომად ტ.1 საქართველო უძველესი დროიდან ახალი წელთაღრიცხვის IV საუკუნამდე
245 ## - TITLE STATEMENT
Remainder of title უძველესი დროიდან XX საუკუნის ბოლომდე
245 ## - TITLE STATEMENT
Statement of responsibility, etc. რედ. დავით მუსხელიშვილი
260 ## - PUBLICATION, DISTRIBUTION, ETC.
Place of publication, distribution, etc. თბილისი.
260 ## - PUBLICATION, DISTRIBUTION, ETC.
Name of publisher, distributor, etc. პალიტრაL
260 ## - PUBLICATION, DISTRIBUTION, ETC.
Date of publication, distribution, etc. 2012
300 ## - PHYSICAL DESCRIPTION
Extent 304გვ.ილ,რუკები,25სმ.
653 ## - INDEX TERM--UNCONTROLLED
Uncontrolled term საქართველოს ისტორია
942 ## - ADDED ENTRY ELEMENTS (KOHA)
Koha item type წიგნი
ეგზემპლარები
Withdrawn status Lost status Damaged status Not for loan Date acquired Barcode Date last seen Price effective from Koha item type
        2018-12-17 40257 2018-12-17 2018-12-17 წიგნი
        2018-12-17 40258 2018-12-17 2018-12-17 წიგნი
        2018-12-17 40259 2018-12-17 2018-12-17 წიგნი